Quick Pick: Movies of 2003 Quiz Stats

 Plays Quiz Updated Mar 29, 2020

Support Sporcle.
Go Orange.
Score 0/15 Timer 01:00
2 Plays Today
% Correct
Nemo
95.7%
Management
93.9%
Pearl
93.6%
Almighty
93.5%
Rock
93.4%
Curse
92.9%
Actually
91.9%
Translation
91.7%
% Correct
Mexico
90.3%
Samurai
90.2%
King
88.6%
Machines
88.1%
English
87.6%
River
87.6%
School
85.1%

Today's Daily Dose

From the Vault

TV Network Logos

by Derek

September is season premiere month so these logos should be fresh in your mind.
Remove Ads.
Support Sporcle.
Get the best of Sporcle when you Go Orange. This ad-free experience offers more features, more stats, and more fun while also helping to support Sporcle. Thank you for becoming a member.

Show Comments

Extras

Top Quizzes Today


Score Distribution

Your Account Isn't Verified!

In order to create a playlist on Sporcle, you need to verify the email address you used during registration. Go to your Sporcle Settings to finish the process.

Report this User

Report this user for behavior that violates our Community Guidelines.

Details: